|
|
|
|
| LEADER |
00000nab a2200000 a 4500 |
| 001 |
vtls010272226 |
| 003 |
SK-MaSNL |
| 005 |
20260304162509.0 |
| 008 |
250507c2011 xo mr|p|||n |000 b|slo |
| 015 |
|
|
|a SNBRB2011/04
|
| 035 |
|
|
|a (uuid)3e7612ef-f49e-47f1-b75a-1d3d1d6a145c
|
| 035 |
|
|
|a urn:nbn:sk:snk-abc73d
|
| 035 |
|
|
|a (urnnbn)urn:nbn:sk:snk:ar-001ns7
|
| 038 |
|
|
|a SPK
|
| 040 |
|
|
|a SNKBUCL
|b slo
|c SNKBUCL
|e AACR2
|
| 041 |
0 |
|
|a slo
|
| 044 |
|
|
|a xo
|c SK
|
| 072 |
|
7 |
|a 371
|x Školstvo (organizácia)
|2 konspekt
|
| 080 |
|
|
|a 371.279.5/.6
|x (091)
|2 2001
|
| 245 |
0 |
0 |
|a Ako sa u nás začínalo maturovať?
|
| 300 |
|
|
|b Fotogr.
|
| 504 |
|
|
|a Bibliogr. odkazy
|
| 650 |
0 |
7 |
|a maturitné skúšky
|2 snkbucl
|9 66554
|
| 650 |
0 |
7 |
|a historické hľadisko
|2 snkbucl
|9 71773
|
| 651 |
|
7 |
|a Slovensko
|2 snkbucl
|
| 651 |
|
7 |
|a Európa
|2 snkbucl
|9 167569
|
| 773 |
0 |
|
|t Rodina a škola
|g Roč. 59, č. 4 (2011), s. 20
|x 0231-6463
|
| 850 |
|
|
|a Slovenská národná knižnica
|
| 852 |
|
|
|a Slovenská národná knižnica
|
| 954 |
|
|
|a odborná, vedecká literatúra pôvodná (slovenská)
|2 lita
|
| 958 |
|
|
|a article15
|
| 958 |
|
|
|a NB
|
| 958 |
|
|
|a OND
|
| 958 |
|
|
|a EUIPO
|
| 999 |
|
|
|c 2974607
|d 2976537
|